000 00705nas a2200241 4500
001 BR9503572
003 BR-BrBNA
005 20231205094048.0
007 ta
008 230509b bl.|||p| |||| 00| 00por d
040 _aBR-BrBNA
_bpor
_cBiblioteca Nacional de Agricultura
041 _a(Pt)
072 _aL01
100 1 _aSantos, J.A. dos
245 1 _aRendimensionando a produtividade de uma fazenda leiteira
650 _aGado Leiteiro
650 _aProducao Leiteira
650 _aFazenda
650 _aAssistencia Tecnica
773 0 _tBalde Branco (Brazil)
_xISSN 0005-4275
_g(Dec 1994), v. 31(362) p. 20-24
_wBR9503572
909 _a202311
_bLúcia
_c55
_dLúcia Elande
942 _2AGRIS
_n0
_cANA
999 _c141844
_d141844